• 首页
  • 本馆介绍
  • 公告通知
  • 最新文献
  • 馆藏检索
  • 电子资源
  • 读者导购
  • 参考咨询
  • 我的图书馆
  • 登录
  • 详细信息显示
  • 放入我的书架
  • 预约/预借图书
  • 作者相关作品
  • 分类相关作品
  • 丛书相关作品
  • 出版社相关作品

书目信息

  • 表格格式
  • 工作单格式
  • 卡片格式
题名:
体育锻炼与欣赏
    
 
作者: 林克明 , 张振东 , 黄迎乒 编著
分册:  
出版信息: 郑州   郑州大学出版社  2007
页数: 249页
开本: 24cm
丛书名: 大学生文化素质教育体育书系
单 册:
中图分类: G807.4 , G841.19
科图分类:
主题词: 体育运动--高等学校--教材 , 篮球运动--防守(运动竞赛)--高等学校--教材 , 体育运动 , 篮球运动 , 防守(运动竞赛)
电子资源:
ISBN: 978-7-81106-269-4
000 01311oam2 2200337 45
001 1130233562
005 20110309092124.20
010    @a978-7-81106-269-4@dCNY30.00
100    @a20110122d2007 em y0chiy50 ea
101 0  @achi
102    @aCN@b410000
105    @aa z 000yy
106    @ar
200 1  @a体育锻炼与欣赏@ATi Yu Duan Lian Yu Xin Shang@e现代篮球防守理论与训练@EXian Dai Lan Qiu Fang Shou Li Lun Yu Xun Lian@f林克明,张振东,黄迎乒编著@FLin Ke Ming, Zhang Zhen Dong, Huang Ying Ping Bian Zhu
210    @a郑州@c郑州大学出版社@d2007
215    @a249页@c图@d24cm
225 2  @a大学生文化素质教育体育书系
330    @a本书内容包括:现代篮球运动与防守概述;防守理论;防守技术;防守战术基础配合;防守战术理论与方法;防守教学与训练方法;篮球专项身体素质训练;防守教学与训练工作管理八个部分。
461  0 @12001 @a大学生文化素质教育体育书系
606 0  @a体育运动@x高等学校@j教材
606 0  @a篮球运动@x防守(运动竞赛)@x高等学校@j教材
606 0  @a体育运动
606 0  @a篮球运动
606 0  @a防守(运动竞赛)
690    @aG807.4@v4
690    @aG841.19@v4
701  0 @a林克明@ALin Ke Ming@c(体育教学)@4编著
701  0 @a张振东@AZhang Zhen Dong@c(体育)@4编著
701  0 @a黄迎乒@AHuang Ying Ping@4编著
801  0 @aCN@bTANGWEI@c20110309
905    @b0530758-61@dG807.4@e417@f4
    
    体育锻炼与欣赏:现代篮球防守理论与训练/林克明,张振东,黄迎乒编著.-郑州:郑州大学出版社,2007
    249页:图;24cm.-(大学生文化素质教育体育书系)
    
    
    ISBN 978-7-81106-269-4:CNY30.00
    本书内容包括:现代篮球运动与防守概述;防守理论;防守技术;防守战术基础配合;防守战术理论与方法;防守教学与训练方法;篮球专项身体素质训练;防守教学与训练工作管理八个部分。
●
相关链接 在E读中查询图书 在五车中查询图书 在当当中查询图书 在豆瓣中查询图书


正题名:体育锻炼与欣赏     索取号:G807.4/417         预约/预借

序号 登录号 条形码 馆藏地/架位号 状态 备注
1 0530758   205307586   第一样本阅览室/ [索取号:G807.4/417] 在馆    
2 0530759   205307595   密集书库-体育系/ [索取号:G807.4/417] 在馆    
3 0530760   205307602   第四借阅区/ [索取号:G807.4/417] 在馆    
4 0530761   205307611   第四借阅区/ [索取号:G807.4/417] 在馆    
唐山师范学院图书馆 欢迎您!
大连网信软件有限公司© 版权所有